000 00434pab a2200145 454500
008 180718b1985 xxu||||| |||| 00| 0 eng d
100 _aLevy, Victor
245 _aCropping pattern, machanisation, child labor, and fertility behavior in a farming economy
_bRural Egypt
260 _c1985
300 _a777-91
362 _aJuly
650 _aBirth Control - Egypt
773 _aEconomic Development and Cultural Change
909 _a4509
999 _c4509
_d4509